BSOP header

Choose your best self : (Record no. 1135)

MARC details
000 -LEADER
fixed length control field 00580nam a2200181 4500
008 - FIXED-LENGTH DATA ELEMENTS--GENERAL INFORMATION
fixed length control field 010430s1990 ph 0 engYA
020 ## - INTERNATIONAL STANDARD BOOK NUMBER
International Standard Book Number 9715221122
090 ## - LOCALLY ASSIGNED LC-TYPE CALL NUMBER (OCLC); LOCAL CALL NUMBER (OCLC)
Classification number (OCLC) (R) ; Classification number, CALL (RLIN) (NR) LC315.P5
Local cutter number (OCLC) ; Book number/undivided call number, CALL (RLIN) D48
100 1# - MAIN ENTRY--PERSONAL NAME
Personal name Detta, Jo Ann
245 10 - TITLE STATEMENT
Title Choose your best self :
Remainder of title Asian adaptation /
Statement of responsibility, etc Jo Ann Detta
260 ## - PUBLICATION, DISTRIBUTION, ETC. (IMPRINT)
Place of publication, distribution, etc Makati :
Name of publisher, distributor, etc Salesiana,
Date of publication, distribution, etc c1990.
300 ## - PHYSICAL DESCRIPTION
Extent xiii, 64 p.
490 1# - SERIES STATEMENT
Series statement Value education and new evangelization 2000 series
504 ## - BIBLIOGRAPHY, ETC. NOTE
Bibliography, etc Includes bibliographical references.
651 #4 - SUBJECT ADDED ENTRY--GEOGRAPHIC NAME
Geographic name Moral education
Geographic subdivision Philippines
651 #4 - SUBJECT ADDED ENTRY--GEOGRAPHIC NAME
Geographic name Values clarification
Geographic subdivision Philippines
Holdings
Withdrawn status Lost status Damaged status Not for loan Home library Current library Shelving location Date acquired Accession number Shelving control number Total Checkouts Full call number Barcode Date last seen Price effective from Koha item type
        BSOP Library BSOP Library Filipiniana 12/21/2000 23510 127   LC315.P5/D48 00015962 02/23/2013 02/23/2013 Books
BSOP

Biblical Seminary of the Philippines
  All rights Reserved
  © 2024

CONTACT INFORMATION

Biblical Seminary of the Philippines,
  77-B Karuhatan Road, Valenzuela City,
  PHILIPPINES 1441
  Phone: +632 8292-6795 / 8292-6798
  Fax : +632 8292-6675
  Email: library@bsop.edu.ph